000
00284nam a2200109Ia 4500
008
230822s1934 xx 000 0 und d
041
_a
eng
100
_a
SMITH.A.B.
245
_a
CONCRETE ROADS DESIGN & CONSTRUCTION
260
_b
CONFEDERATION OF INDIA INDUSTRA
_c
1934
300
_a
312
999
_c
861819
_d
861819